Marauders (all the young dudes quotes) - Statistics

General Stats
  • This quiz has been taken 343 times
    324 since last reset
  • The average score is 10 of 32
Answer Stats
Hint Answer % Correct
"Anything for..." our moony
98%
"Mischief..." managed
81%
"Mr tell me..." a fucking secret
68%
"Was I scary? ..." No you were beautiful
65%
"Nice one..." James
64%
"Tell me a secret,..." a nice one
59%
"Remus, something..." awful has happened
43%
"Pete..." a word
42%
"It was james, who had an ego the size of a lake..." but a heart to match it
42%
"I'm mental..." about you too
41%
"You were my..." little bit of magic
40%
"Have you ever..." kissed anyone remus
39%
"That Sirius Black..." grin
36%
"Why did you burn..." that letter
33%
"James died..." first
32%
"James "oi..." potter" evans
29%
"I wrote it myself..." i wanted to see you
19%
"Why don't we talk..." about your mother
17%
"They took..." turns
14%
"Oh love..." youve grown up without me
14%
"I'm sorry love..." but its breaking my heart to stay
13%
"Sirius didn't wanted the sun..." at night he dreamt of the moon
12%
"The marauders are a socialist utopia..." we dont have a leader
11%
"The letters stopped,..." and grant knew remus was dead
10%
"You came back to us..." I came back to you
9%
"Oh god..." I fancy sirius black
9%
"miss you. ..." im right there
6%
"No one owes you a happy life..." but you owe yourself one love
4%
"Please call me moony..." no one has for so long
4%
"I'm good at magic..." but you like are magic you know
3%
"One day, I'm going to..." live by the sea
3%
"After all that waiting..." they havent had really long at all in the end
1%
No matching quizzes found
Score Distribution
Percent of People with Each Score
Percentile by Number Answered
Your Score History
You have not taken this quiz since the last reset